El Ensanche de la carretera de la estación de Monistrol al Monasterio de Montserrat.
Descripción Física:
Il·lustracions
Colección:
San Jorge,
; núm. 8 (octubre 1952), pàg. 38-41
Materias:
Carreteres -- Barcelona (Província) -- Disseny i construcció
; Carreteres -- Monistrol de Montserrat (Catalunya) -- Disseny i construcció
; Carreteres -- Montserrat (Catalunya : Massís) -- Disseny i construcció
Idioma:
Español
MARC
| LEADER | 00000naa a2200000 a 4500 | ||
|---|---|---|---|
| 003 | Arxiu | ||
| 005 | 20260324181030.0 | ||
| 008 | 160829s1952 spcaxx s0 spa c | ||
| 040 | |a agdb | ||
| 245 | 0 | 3 | |a El Ensanche de la carretera de la estación de Monistrol al Monasterio de Montserrat. |
| 300 | |b Il·lustracions | ||
| 490 | |a San Jorge, |v núm. 8 (octubre 1952), pàg. 38-41 | ||
| 650 | 0 | |a Carreteres |z Barcelona (Província) |x Disseny i construcció |9 42899 | |
| 650 | 0 | |a Carreteres |z Monistrol de Montserrat (Catalunya) |x Disseny i construcció |9 28384 | |
| 650 | 0 | |a Carreteres |z Montserrat (Catalunya : Massís) |x Disseny i construcció |9 21732 | |
| 773 | |g Núm. 8 (octubre 1952), pàg. 38 - 41 |t San Jorge | ||
| 901 | |a Arxiu | ||
| 942 | |n 1 |2 udc |c ART | ||
| 952 | |0 0 |1 0 |4 0 |7 1 |9 64264 |a Arxiu |b Arxiu |d 2022-11-21 |o Rev-508 |r 2022-11-21 00:00:00 |w 2022-11-21 |y ARXIU |z També disponible a Rev-521 | ||
| 999 | |c 47395 |d 47395 | ||